Cartas a Theo

Saved in:
Bibliographic Details
Main Author: Gogh, Vincent van (Author)
Format: Book
Language:Spanish
Published: Buenos Aires Adriana Hidalgo 2004
Series:Biografías y Testimonios
Subjects:
Tags: Add Tag
No Tags, Be the first to tag this record!

MARC

LEADER 00000nam a2200000 a 4500
001 UCI0454
003 CL-VaPUC
008 070511e20040000AG |||||||||||||||||spa|d
020 |a 9879396316 
082 0 4 |a 839.31  |b GOG  |2 21 
100 0 |a Gogh, Vincent van  |e author  |9 266905 
245 1 0 |a Cartas a Theo 
300 |a 397 p 
942 |c BK 
945 |d 20070511 00:00:00  |a jtorresc 
260 |a Buenos Aires  |b Adriana Hidalgo  |c 2004 
650 7 |a LITERATURA HOLANDESA  |2 CL-VaPUC  |9 365344 
650 7 |a PINTORES HOLANDESES  |2 CL-VaPUC  |9 520583 
650 7 |a CORRESPONDENCIAS HOLANDESAS  |2 CL-VaPUC  |9 520584 
583 |a last modification  |c 20120612 12:08:28  |k Rodrigo Vera 
490 0 |a Biografías y Testimonios 
999 |c 325607  |d 325605 
952 |0 0  |1 0  |4 0  |6 839_310000000000000_GOG_2004  |7 0  |8 A  |9 406645  |a BIBARQ  |b BIBARQ  |d 2019-11-22  |i 4335325  |l 2  |o 839.31 GOG 2004  |p 4335325  |r 2025-01-20  |s 2023-10-17  |w 2019-11-22  |y BK  |k ARQ 
952 |0 0  |1 0  |4 0  |6 839_310000000000000_GOG_2004  |7 0  |8 R  |9 406646  |a BIBART  |b BIBART  |d 2019-11-22  |i 4437454  |l 5  |m 5  |o 839.31 GOG 2004  |p 4437454  |r 2025-03-13  |s 2023-12-01  |w 2019-11-22  |y BK_R  |k ART